[Event "DEM U10 2024"]
[Site "Willingen GER"]
[Date "2024.05.20"]
[Round "3"]
[White "Sutharjan, Dakxwin"]
[Black "Sauer, Ben"]
[Result "1/2-1/2"]
[Termination "normal"]
[Board "3"]
[WhiteElo "1769"]
[BlackElo "1626"]
[WhiteClock "00:54:58"]
[BlackClock "00:12:23"]
[PlyCount "152"]
[WhiteFideId "34606548"]
[BlackFideId "34606866"]
[EventCountry "GER"]
[EventRounds "11"]
[EventType "swiss"]
[EventDate "2024.05.18"]

1. e4 {[%clk 01:15:55]} {[%emt 00:00:03]} c5 {[%clk 01:15:54]} {[%emt
00:00:08]} 2. c3 {[%clk 01:16:19]} {[%emt 00:00:06]} e6 {[%clk 01:15:54]}
{[%emt 00:00:30]} 3. d4 {[%clk 01:16:36]} {[%emt 00:00:13]} d5 {[%clk
01:15:59]} {[%emt 00:00:24]} 4. exd5 {[%clk 01:15:50]} {[%emt 00:01:16]} Qxd5
{[%clk 01:15:45]} {[%emt 00:00:44]} 5. Nf3 {[%clk 01:15:53]} {[%emt 00:00:27]}
Nc6 {[%clk 01:14:03]} {[%emt 00:02:12]} 6. Na3 {[%clk 01:16:08]} {[%emt
00:00:15]} a6 {[%clk 01:12:34]} {[%emt 00:01:59]} 7. Nc4 {[%clk 01:14:33]}
{[%emt 00:02:04]} Qd8 {[%clk 01:10:51]} {[%emt 00:02:14]} 8. Be2 {[%clk
01:13:41]} {[%emt 00:01:22]} Nf6 {[%clk 01:07:02]} {[%emt 00:04:19]} 9. O-O
{[%clk 01:13:35]} {[%emt 00:00:37]} Be7 {[%clk 01:02:57]} {[%emt 00:04:35]} 10.
dxc5 {[%clk 01:13:20]} {[%emt 00:00:44]} Nd5 {[%clk 00:47:18]} {[%emt
00:16:08]} 11. Nd4 {[%clk 01:12:18]} {[%emt 00:01:33]} Bxc5 {[%clk 00:42:46]}
{[%emt 00:05:01]} 12. Nxc6 {[%clk 01:11:41]} {[%emt 00:01:08]} bxc6 {[%clk
00:43:06]} {[%emt 00:00:11]} 13. Qc2 {[%clk 01:10:19]} {[%emt 00:01:52]} O-O
{[%clk 00:41:10]} {[%emt 00:02:25]} 14. b4 {[%clk 01:10:05]} {[%emt 00:00:43]}
Be7 {[%clk 00:38:44]} {[%emt 00:02:56]} 15. Rd1 {[%clk 01:08:51]} {[%emt
00:01:45]} Qc7 {[%clk 00:35:18]} {[%emt 00:03:56]} 16. Bd3 {[%clk 01:07:46]}
{[%emt 00:01:36]} h6 {[%clk 00:33:53]} {[%emt 00:01:55]} 17. Bb2 {[%clk
01:05:30]} {[%emt 00:02:46]} Bf6 {[%clk 00:32:23]} {[%emt 00:01:59]} 18. Nd2
{[%clk 01:02:56]} {[%emt 00:03:04]} g6 {[%clk 00:30:04]} {[%emt 00:02:49]} 19.
Ne4 {[%clk 01:02:50]} {[%emt 00:00:36]} Bg7 {[%clk 00:29:09]} {[%emt 00:01:24]}
20. a3 {[%clk 00:59:29]} {[%emt 00:03:51]} f5 {[%clk 00:23:45]} {[%emt
00:05:54]} 21. Nc5 {[%clk 00:58:41]} {[%emt 00:01:18]} Nb6 {[%clk 00:16:38]}
{[%emt 00:07:38]} 22. Qb3 {[%clk 00:57:48]} {[%emt 00:01:23]} Qf7 {[%clk
00:15:17]} {[%emt 00:01:51]} 23. a4 {[%clk 00:57:15]} {[%emt 00:01:03]} e5
{[%clk 00:12:57]} {[%emt 00:02:50]} 24. Qxf7+ {[%clk 00:56:57]} {[%emt
00:00:47]} Kxf7 {[%clk 00:12:39]} {[%emt 00:01:20]} 25. a5 {[%clk 00:57:24]}
{[%emt 00:00:33]} Nd5 {[%clk 00:12:43]} {[%emt 00:00:25]} 26. Bc4 {[%clk
00:57:11]} {[%emt 00:00:43]} Rd8 {[%clk 00:12:36]} {[%emt 00:00:36]} 27. Rd2
{[%clk 00:57:13]} {[%emt 00:00:29]} Bf8 {[%clk 00:12:45]} {[%emt 00:00:21]} 28.
Na4 {[%clk 00:57:08]} {[%emt 00:00:35]} Be6 {[%clk 00:11:59]} {[%emt 00:01:16]}
29. Rad1 {[%clk 00:56:43]} {[%emt 00:00:54]} Be7 {[%clk 00:10:18]} {[%emt
00:02:11]} 30. Bxd5 {[%clk 00:54:45]} {[%emt 00:02:28]} cxd5 {[%clk 00:10:15]}
{[%emt 00:00:33]} 31. Nb6 {[%clk 00:54:39]} {[%emt 00:00:37]} Ra7 {[%clk
00:10:22]} {[%emt 00:00:23]} 32. Nxd5 {[%clk 00:53:49]} {[%emt 00:01:20]} Rad7
{[%clk 00:10:23]} {[%emt 00:00:30]} 33. c4 {[%clk 00:53:25]} {[%emt 00:00:54]}
Bxb4 {[%clk 00:09:49]} {[%emt 00:01:04]} 34. Rd3 {[%clk 00:53:28]} {[%emt
00:00:27]} Bxd5 {[%clk 00:09:01]} {[%emt 00:01:17]} 35. cxd5 {[%clk 00:52:14]}
{[%emt 00:01:44]} Bxa5 {[%clk 00:09:03]} {[%emt 00:00:28]} 36. Bxe5 {[%clk
00:52:29]} {[%emt 00:00:14]} Bc7 {[%clk 00:06:50]} {[%emt 00:02:43]} 37. d6
{[%clk 00:51:28]} {[%emt 00:01:32]} Bb8 {[%clk 00:07:10]} {[%emt 00:00:11]} 38.
f4 {[%clk 00:51:30]} {[%emt 00:00:27]} g5 {[%clk 00:06:40]} {[%emt 00:01:01]}
39. g3 {[%clk 00:51:34]} {[%emt 00:00:25]} g4 {[%clk 00:06:01]} {[%emt
00:01:09]} 40. Kf1 {[%clk 00:50:18]} {[%emt 00:01:46]} Ba7 {[%clk 00:04:53]}
{[%emt 00:01:38]} 41. Ra3 {[%clk 00:50:13]} {[%emt 00:00:35]} Bc5 {[%clk
00:03:19]} {[%emt 00:02:04]} 42. Rxa6 {[%clk 00:50:17]} {[%emt 00:00:26]} Ke6
{[%clk 00:03:19]} {[%emt 00:00:29]} 43. Re1 {[%clk 00:48:53]} {[%emt 00:01:54]}
Kf7 {[%clk 00:03:41]} {[%emt 00:00:08]} 44. Rd1 {[%clk 00:48:35]} {[%emt
00:00:48]} Ke6 {[%clk 00:04:05]} {[%emt 00:00:06]} 45. Ke2 {[%clk 00:48:15]}
{[%emt 00:00:51]} Bxd6 {[%clk 00:04:10]} {[%emt 00:00:25]} 46. Ke3 {[%clk
00:48:10]} {[%emt 00:00:34]} Ke7 {[%clk 00:04:04]} {[%emt 00:00:36]} 47. Bxd6+
{[%clk 00:46:26]} {[%emt 00:02:15]} Rxd6 {[%clk 00:04:26]} {[%emt 00:00:08]}
48. Ra7+ {[%clk 00:46:52]} {[%emt 00:00:04]} Kf6 {[%clk 00:04:11]} {[%emt
00:00:45]} 49. Rxd6+ {[%clk 00:46:27]} {[%emt 00:00:55]} Rxd6 {[%clk 00:04:37]}
{[%emt 00:00:04]} 50. Rc7 {[%clk 00:46:05]} {[%emt 00:00:52]} Kg6 {[%clk
00:04:54]} {[%emt 00:00:12]} 51. Re7 {[%clk 00:45:44]} {[%emt 00:00:52]} Kf6
{[%clk 00:05:03]} {[%emt 00:00:21]} 52. Rb7 {[%clk 00:45:13]} {[%emt 00:01:01]}
Kg6 {[%clk 00:05:24]} {[%emt 00:00:09]} 53. Rb3 {[%clk 00:44:15]} {[%emt
00:01:28]} Kf6 {[%clk 00:05:39]} {[%emt 00:00:15]} 54. Rc3 {[%clk 00:44:25]}
{[%emt 00:00:20]} Kg6 {[%clk 00:06:02]} {[%emt 00:00:07]} 55. Rd3 {[%clk
00:44:32]} {[%emt 00:00:23]} Ra6 {[%clk 00:05:23]} {[%emt 00:01:09]} 56. Kd4
{[%clk 00:43:44]} {[%emt 00:01:17]} Ra5 {[%clk 00:05:01]} {[%emt 00:00:53]} 57.
Rc3 {[%clk 00:42:50]} {[%emt 00:01:24]} Ra8 {[%clk 00:15:18]} {[%emt 00:05:13]}
58. Rc6+ {[%clk 00:57:31]} {[%emt 00:00:49]} Kg7 {[%clk 00:15:07]} {[%emt
00:00:40]} 59. Ke5 {[%clk 00:57:03]} {[%emt 00:00:58]} Rf8 {[%clk 00:15:29]}
{[%emt 00:00:08]} 60. Re6 {[%clk 00:56:46]} {[%emt 00:00:47]} h5 {[%clk
00:14:38]} {[%emt 00:01:21]} 61. Rd6 {[%clk 00:55:34]} {[%emt 00:01:43]} Rf7
{[%clk 00:12:50]} {[%emt 00:02:17]} 62. Rd8 {[%clk 00:55:45]} {[%emt 00:00:19]}
Ra7 {[%clk 00:12:37]} {[%emt 00:00:43]} 63. Kxf5 {[%clk 00:55:37]} {[%emt
00:00:39]} Ra5+ {[%clk 00:12:15]} {[%emt 00:00:52]} 64. Ke6 {[%clk 00:55:36]}
{[%emt 00:00:30]} Ra2 {[%clk 00:12:32]} {[%emt 00:00:13]} 65. Rd7+ {[%clk
00:55:43]} {[%emt 00:00:23]} Kg6 {[%clk 00:10:21]} {[%emt 00:02:42]} 66. f5
{[%clk 00:55:35]} {[%emt 00:00:38]} Kg5 {[%clk 00:10:16]} {[%emt 00:00:34]} 67.
f6 {[%clk 00:55:14]} {[%emt 00:00:51]} Ra6+ {[%clk 00:10:24]} {[%emt 00:00:23]}
68. Ke7 {[%clk 00:54:09]} {[%emt 00:01:35]} Rxf6 {[%clk 00:10:32]} {[%emt
00:00:21]} 69. Rd5+ {[%clk 00:54:27]} {[%emt 00:00:12]} Rf5 {[%clk 00:10:32]}
{[%emt 00:00:31]} 70. Rxf5+ {[%clk 00:54:07]} {[%emt 00:00:50]} Kxf5 {[%clk
00:10:51]} {[%emt 00:00:10]} 71. Kf7 {[%clk 00:54:34]} {[%emt 00:00:03]} Kg5
{[%clk 00:11:11]} {[%emt 00:00:10]} 72. Ke6 {[%clk 00:54:59]} {[%emt 00:00:05]}
Kg6 {[%clk 00:11:06]} {[%emt 00:00:35]} 73. Ke5 {[%clk 00:54:56]} {[%emt
00:00:33]} Kg5 {[%clk 00:11:22]} {[%emt 00:00:15]} 74. Ke4 {[%clk 00:54:55]}
{[%emt 00:00:31]} Kg6 {[%clk 00:11:38]} {[%emt 00:00:14]} 75. Kf4 {[%clk
00:54:36]} {[%emt 00:00:48]} Kf6 {[%clk 00:11:59]} {[%emt 00:00:09]} 76. Ke4
{[%clk 00:54:58]} {[%emt 00:00:08]} Ke6 {[%clk 00:12:23]} 1/2-1/2

[Event "DEM U10 2024"]
[Site "Willingen GER"]
[Date "2024.05.20"]
[Round "3"]
[White "Barsov, Mikhail"]
[Black "Chakhalov, Mikael"]
[Result "1/2-1/2"]
[Termination "normal"]
[Board "4"]
[WhiteElo "1708"]
[BlackElo "1747"]
[WhiteClock "00:33:10"]
[BlackClock "00:29:03"]
[PlyCount "54"]
[WhiteFideId "34623906"]
[BlackFideId "34644458"]
[EventCountry "GER"]
[EventRounds "11"]
[EventType "swiss"]
[EventDate "2024.05.18"]

1. e4 {[%clk 01:15:58]} {[%emt 00:00:02]} e6 {[%clk 01:15:48]} {[%emt
00:00:12]} 2. d4 {[%clk 01:16:23]} {[%emt 00:00:06]} d5 {[%clk 01:16:12]}
{[%emt 00:00:05]} 3. Nd2 {[%clk 01:16:49]} {[%emt 00:00:04]} c5 {[%clk
01:16:33]} {[%emt 00:00:10]} 4. Ngf3 {[%clk 01:15:22]} {[%emt 00:01:56]} Nc6
{[%clk 01:16:33]} {[%emt 00:00:31]} 5. exd5 {[%clk 01:14:27]} {[%emt 00:01:26]}
Qxd5 {[%clk 01:15:51]} {[%emt 00:01:11]} 6. Bc4 {[%clk 01:13:23]} {[%emt
00:01:34]} Qd7 {[%clk 01:15:37]} {[%emt 00:00:43]} 7. dxc5 {[%clk 01:11:42]}
{[%emt 00:02:11]} Bxc5 {[%clk 01:15:55]} {[%emt 00:00:12]} 8. O-O {[%clk
01:12:03]} {[%emt 00:00:10]} Nf6 {[%clk 01:16:00]} {[%emt 00:00:25]} 9. a3
{[%clk 01:10:20]} {[%emt 00:02:13]} a5 {[%clk 01:05:03]} {[%emt 00:11:27]} 10.
Bb5 {[%clk 01:06:34]} {[%emt 00:04:16]} Qc7 {[%clk 01:04:12]} {[%emt 00:01:19]}
11. Nb3 {[%clk 01:04:36]} {[%emt 00:02:30]} Bb6 {[%clk 01:02:25]} {[%emt
00:02:17]} 12. Bg5 {[%clk 00:58:31]} {[%emt 00:06:34]} Bd7 {[%clk 00:58:03]}
{[%emt 00:04:52]} 13. Qe2 {[%clk 00:52:25]} {[%emt 00:06:37]} a4 {[%clk
00:46:50]} {[%emt 00:11:43]} 14. Nbd2 {[%clk 00:50:23]} {[%emt 00:02:32]} Nd4
{[%clk 00:46:12]} {[%emt 00:01:08]} 15. Nxd4 {[%clk 00:50:22]} {[%emt
00:00:31]} Bxd4 {[%clk 00:46:33]} {[%emt 00:00:08]} 16. c3 {[%clk 00:49:22]}
{[%emt 00:01:31]} Be5 {[%clk 00:37:52]} {[%emt 00:09:11]} 17. Nf3 {[%clk
00:47:27]} {[%emt 00:02:23]} Bd6 {[%clk 00:38:03]} {[%emt 00:00:19]} 18. Rad1
{[%clk 00:46:12]} {[%emt 00:01:46]} Ra5 {[%clk 00:35:50]} {[%emt 00:02:44]} 19.
Bxd7+ {[%clk 00:45:11]} {[%emt 00:01:31]} Nxd7 {[%clk 00:36:05]} {[%emt
00:00:14]} 20. Bh4 {[%clk 00:43:06]} {[%emt 00:02:36]} Ne5 {[%clk 00:34:58]}
{[%emt 00:01:36]} 21. Bg3 {[%clk 00:37:39]} {[%emt 00:05:58]} Nxf3+ {[%clk
00:35:14]} {[%emt 00:00:14]} 22. Qxf3 {[%clk 00:37:21]} {[%emt 00:00:48]} Bxg3
{[%clk 00:35:33]} {[%emt 00:00:10]} 23. fxg3 {[%clk 00:37:32]} {[%emt
00:00:18]} O-O {[%clk 00:35:18]} {[%emt 00:00:46]} 24. Rd4 {[%clk 00:34:54]}
{[%emt 00:03:08]} Qb6 {[%clk 00:32:58]} {[%emt 00:02:50]} 25. Qf2 {[%clk
00:34:44]} {[%emt 00:00:40]} Rf5 {[%clk 00:31:34]} {[%emt 00:01:55]} 26. Rf4
{[%clk 00:34:06]} {[%emt 00:01:08]} Rb5 {[%clk 00:29:03]} {[%emt 00:02:53]} 27.
Qxb6 {[%clk 00:33:10]} {[%emt 00:01:34]} Rxb6 {[%emt 00:01:17]} 1/2-1/2

[Event "DEM U10 2024"]
[Site "Willingen GER"]
[Date "2024.05.20"]
[Round "3"]
[White "Aguike, Toshiya"]
[Black "Becker, Linus"]
[Result "1-0"]
[Termination "normal"]
[Board "5"]
[WhiteElo "1786"]
[BlackElo "1705"]
[WhiteClock "01:01:15"]
[BlackClock "00:44:56"]
[PlyCount "75"]
[WhiteFideId "34611347"]
[BlackFideId "34614958"]
[EventCountry "GER"]
[EventRounds "11"]
[EventType "swiss"]
[EventDate "2024.05.18"]

1. e4 {[%clk 01:15:50]} {[%emt 00:00:10]} c5 {[%clk 01:15:53]} {[%emt
00:00:08]} 2. Nf3 {[%clk 01:16:11]} {[%emt 00:00:09]} Nc6 {[%clk 01:16:13]}
{[%emt 00:00:10]} 3. d4 {[%clk 01:16:11]} {[%emt 00:00:29]} cxd4 {[%clk
01:16:23]} {[%emt 00:00:21]} 4. Nxd4 {[%clk 01:16:31]} {[%emt 00:00:10]} g6
{[%clk 01:16:40]} {[%emt 00:00:13]} 5. Nc3 {[%clk 01:16:52]} {[%emt 00:00:09]}
Bg7 {[%clk 01:17:02]} {[%emt 00:00:08]} 6. Be3 {[%clk 01:17:17]} {[%emt
00:00:06]} Nf6 {[%clk 01:16:53]} {[%emt 00:00:38]} 7. Bc4 {[%clk 01:17:25]}
{[%emt 00:00:21]} O-O {[%clk 01:16:54]} {[%emt 00:00:30]} 8. Bb3 {[%clk
01:17:50]} {[%emt 00:00:05]} Re8 {[%clk 01:15:25]} {[%emt 00:01:58]} 9. O-O
{[%clk 01:16:14]} {[%emt 00:02:06]} Ng4 {[%clk 01:15:05]} {[%emt 00:00:50]} 10.
Nxc6 {[%clk 01:14:07]} {[%emt 00:02:36]} dxc6 {[%clk 01:14:21]} {[%emt
00:01:15]} 11. Qf3 {[%clk 01:14:11]} {[%emt 00:00:27]} Ne5 {[%clk 01:11:30]}
{[%emt 00:03:20]} 12. Qe2 {[%clk 01:13:23]} {[%emt 00:01:18]} Nd7 {[%clk
01:09:39]} {[%emt 00:02:16]} 13. Rad1 {[%clk 01:12:52]} {[%emt 00:01:04]} Qc7
{[%clk 01:08:56]} {[%emt 00:01:15]} 14. f4 {[%clk 01:11:33]} {[%emt 00:01:50]}
Nf6 {[%clk 01:03:21]} {[%emt 00:06:05]} 15. h3 {[%clk 01:11:15]} {[%emt
00:00:48]} b6 {[%clk 01:01:11]} {[%emt 00:02:40]} 16. e5 {[%clk 01:09:06]}
{[%emt 00:02:38]} Nh5 {[%clk 00:59:13]} {[%emt 00:02:28]} 17. Qf3 {[%clk
01:08:40]} {[%emt 00:00:56]} Bh8 {[%clk 00:58:27]} {[%emt 00:01:14]} 18. f5
{[%clk 01:08:00]} {[%emt 00:01:13]} e6 {[%clk 00:50:48]} {[%emt 00:08:09]} 19.
g4 {[%clk 01:05:22]} {[%emt 00:03:07]} Qxe5 {[%clk 00:49:07]} {[%emt 00:02:12]}
20. fxg6 {[%clk 01:05:35]} {[%emt 00:00:17]} Nf6 {[%clk 00:46:46]} {[%emt
00:02:51]} 21. gxf7+ {[%clk 01:05:41]} {[%emt 00:00:23]} Kxf7 {[%clk 00:47:02]}
{[%emt 00:00:15]} 22. g5 {[%clk 01:05:21]} {[%emt 00:00:49]} Rg8 {[%clk
00:47:13]} {[%emt 00:00:18]} 23. Ne4 {[%clk 01:05:29]} {[%emt 00:00:23]} Rg6
{[%clk 00:47:24]} {[%emt 00:00:19]} 24. Bd4 {[%clk 01:05:32]} {[%emt 00:00:27]}
Rxg5+ {[%clk 00:45:51]} {[%emt 00:02:03]} 25. Nxg5+ {[%clk 01:04:55]} {[%emt
00:01:08]} Qxg5+ {[%clk 00:46:13]} {[%emt 00:00:07]} 26. Kh1 {[%clk 01:05:17]}
{[%emt 00:00:09]} Ba6 {[%clk 00:46:28]} {[%emt 00:00:15]} 27. Rf2 {[%clk
01:03:20]} {[%emt 00:02:26]} Rb8 {[%clk 00:45:21]} {[%emt 00:01:37]} 28. Rg1
{[%clk 01:00:23]} {[%emt 00:03:25]} Qh6 {[%clk 00:44:42]} {[%emt 00:01:11]} 29.
Be3 {[%clk 01:00:37]} {[%emt 00:00:16]} Qh4 {[%clk 00:44:30]} {[%emt 00:00:43]}
30. Bg5 {[%clk 01:00:56]} {[%emt 00:00:10]} Qd4 {[%clk 00:44:32]} {[%emt
00:00:23]} 31. c3 {[%clk 01:00:54]} {[%emt 00:00:38]} Qd8 {[%clk 00:44:34]}
{[%emt 00:00:27]} 32. Qh5+ {[%clk 01:00:45]} {[%emt 00:00:38]} Ke7 {[%clk
00:44:12]} {[%emt 00:00:53]} 33. Bxf6+ {[%clk 01:00:22]} {[%emt 00:00:54]} Bxf6
{[%clk 00:44:26]} {[%emt 00:00:10]} 34. Qxh7+ {[%emt 00:00:21]} Kd6 {[%clk
00:44:35]} {[%emt 00:00:07]} 35. Rd2+ {[%clk 01:00:07]} {[%emt 00:01:12]} Kc5
{[%clk 00:44:42]} {[%emt 00:00:24]} 36. Rxd8 {[%clk 01:00:35]} {[%emt
00:00:03]} Rxd8 {[%clk 00:45:00]} {[%emt 00:00:12]} 37. Qe4 {[%clk 01:00:52]}
{[%emt 00:00:12]} Bd3 {[%clk 00:44:56]} {[%emt 00:00:35]} 38. Qb4# {[%clk
01:01:15]} {[%emt 00:00:07]} 1-0

[Event "DEM U10 2024"]
[Site "Willingen GER"]
[Date "2024.05.20"]
[Round "3"]
[White "Jüngling, Leonard"]
[Black "Zargaran, Sepas"]
[Result "0-1"]
[Termination "normal"]
[Board "6"]
[WhiteElo "1446"]
[BlackElo "1810"]
[WhiteClock "00:53:32"]
[BlackClock "00:47:34"]
[PlyCount "54"]
[WhiteFideId "34669116"]
[BlackFideId "34625275"]
[EventCountry "GER"]
[EventRounds "11"]
[EventType "swiss"]
[EventDate "2024.05.18"]

1. d4 {[%clk 01:15:59]} {[%emt 00:00:01]} Nf6 {[%clk 01:15:15]} {[%emt
00:00:45]} 2. c4 {[%clk 01:16:23]} {[%emt 00:00:07]} g6 {[%clk 01:15:16]}
{[%emt 00:00:27]} 3. Nf3 {[%clk 01:16:48]} {[%emt 00:00:06]} Bg7 {[%clk
01:15:31]} {[%emt 00:00:15]} 4. g3 {[%clk 01:17:13]} {[%emt 00:00:06]} O-O
{[%clk 01:15:44]} {[%emt 00:00:15]} 5. Bg2 {[%clk 01:17:40]} {[%emt 00:00:03]}
d6 {[%clk 01:16:04]} {[%emt 00:00:10]} 6. O-O {[%clk 01:17:51]} {[%emt
00:00:20]} c5 {[%clk 01:15:49]} {[%emt 00:00:45]} 7. h3 {[%clk 01:15:05]}
{[%emt 00:03:16]} a6 {[%clk 01:09:21]} {[%emt 00:06:59]} 8. a4 {[%clk
01:15:27]} {[%emt 00:00:07]} Nc6 {[%clk 01:09:40]} {[%emt 00:00:11]} 9. Nc3
{[%clk 01:14:34]} {[%emt 00:01:23]} Na5 {[%clk 00:59:23]} {[%emt 00:10:47]} 10.
b3 {[%clk 01:14:35]} {[%emt 00:00:29]} Nc6 {[%clk 00:59:46]} {[%emt 00:00:07]}
11. e4 {[%clk 01:13:53]} {[%emt 00:01:13]} cxd4 {[%clk 00:55:14]} {[%emt
00:05:01]} 12. Nxd4 {[%clk 01:10:53]} {[%emt 00:03:30]} Nxe4 {[%clk 00:53:04]}
{[%emt 00:02:41]} 13. Nxe4 {[%clk 01:05:50]} {[%emt 00:05:32]} Nxd4 {[%clk
00:52:13]} {[%emt 00:01:20]} 14. Kh1 {[%clk 01:03:49]} {[%emt 00:02:31]} Nxb3
{[%clk 00:50:41]} {[%emt 00:02:02]} 15. Rb1 {[%clk 01:01:25]} {[%emt 00:02:55]}
Na5 {[%clk 00:50:05]} {[%emt 00:01:05]} 16. Nd2 {[%clk 00:59:14]} {[%emt
00:02:43]} Bf5 {[%clk 00:48:47]} {[%emt 00:01:47]} 17. Ne4 {[%clk 00:56:34]}
{[%emt 00:03:09]} Qc8 {[%clk 00:46:12]} {[%emt 00:03:05]} 18. g4 {[%clk
00:53:22]} {[%emt 00:03:42]} Bxe4 {[%clk 00:45:29]} {[%emt 00:01:14]} 19. Bxe4
{[%clk 00:53:39]} {[%emt 00:00:13]} Qxc4 {[%clk 00:45:50]} {[%emt 00:00:09]}
20. Bxb7 {[%clk 00:53:13]} {[%emt 00:00:56]} Nxb7 {[%clk 00:46:11]} {[%emt
00:00:10]} 21. Qb3 {[%clk 00:51:58]} {[%emt 00:01:44]} Qxf1+ {[%clk 00:46:10]}
{[%emt 00:00:31]} 22. Kh2 {[%clk 00:52:14]} {[%emt 00:00:14]} Qxf2+ {[%clk
00:46:18]} {[%emt 00:00:23]} 23. Kh1 {[%clk 00:52:34]} {[%emt 00:00:09]} Qf1+
{[%clk 00:46:34]} {[%emt 00:00:14]} 24. Kh2 {[%clk 00:52:56]} {[%emt 00:00:08]}
Be5+ {[%clk 00:46:57]} {[%emt 00:00:07]} 25. Qg3 {[%clk 00:53:12]} {[%emt
00:00:14]} Qf2+ {[%clk 00:47:02]} {[%emt 00:00:24]} 26. Kh1 {[%clk 00:53:36]}
{[%emt 00:00:07]} Bxg3 {[%clk 00:47:12]} {[%emt 00:00:19]} 27. Rb2 {[%clk
00:53:32]} {[%emt 00:00:35]} Qf1# {[%clk 00:47:34]} {[%emt 00:00:08]} 0-1

[Event "DEM U10 2024"]
[Site "Willingen GER"]
[Date "2024.05.20"]
[Round "3"]
[White "Müller, Konstantin"]
[Black "Steinbrenner, Peter"]
[Result "1/2-1/2"]
[Termination "normal"]
[Board "7"]
[WhiteElo "1851"]
[BlackElo "1941"]
[WhiteClock "00:42:00"]
[BlackClock "00:42:30"]
[PlyCount "50"]
[WhiteFideId "34661778"]
[BlackFideId "34645535"]
[EventCountry "GER"]
[EventRounds "11"]
[EventType "swiss"]
[EventDate "2024.05.18"]

1. e4 {[%clk 01:15:57]} {[%emt 00:00:01]} c5 {[%clk 01:15:48]} {[%emt
00:00:12]} 2. c3 {[%clk 01:16:23]} {[%emt 00:00:04]} Nf6 {[%clk 01:16:09]}
{[%emt 00:00:09]} 3. e5 {[%clk 01:16:52]} {[%emt 00:00:03]} Nd5 {[%clk
01:16:31]} {[%emt 00:00:07]} 4. d4 {[%clk 01:17:17]} {[%emt 00:00:05]} cxd4
{[%clk 01:16:36]} {[%emt 00:00:24]} 5. Nf3 {[%clk 01:17:41]} {[%emt 00:00:05]}
Nc6 {[%clk 01:16:42]} {[%emt 00:00:26]} 6. cxd4 {[%clk 01:18:07]} {[%emt
00:00:04]} d6 {[%clk 01:16:45]} {[%emt 00:00:26]} 7. Bc4 {[%clk 01:18:27]}
{[%emt 00:00:11]} Nb6 {[%clk 01:17:01]} {[%emt 00:00:14]} 8. Bb5 {[%clk
01:18:51]} {[%emt 00:00:07]} dxe5 {[%clk 01:17:07]} {[%emt 00:00:23]} 9. Nxe5
{[%clk 01:19:12]} {[%emt 00:00:09]} Bd7 {[%clk 01:17:33]} {[%emt 00:00:04]} 10.
Nxd7 {[%clk 01:19:37]} {[%emt 00:00:06]} Qxd7 {[%clk 01:17:25]} {[%emt
00:00:38]} 11. Nc3 {[%clk 01:19:54]} {[%emt 00:00:12]} a6 {[%clk 01:16:22]}
{[%emt 00:01:33]} 12. Bxc6 {[%clk 01:20:00]} {[%emt 00:00:24]} Qxc6 {[%clk
01:16:30]} {[%emt 00:00:22]} 13. O-O {[%clk 01:17:24]} {[%emt 00:03:05]} e6
{[%clk 01:16:19]} {[%emt 00:00:42]} 14. Re1 {[%clk 01:14:56]} {[%emt 00:02:58]}
Be7 {[%clk 01:16:19]} {[%emt 00:00:29]} 15. Qb3 {[%clk 01:12:56]} {[%emt
00:02:31]} Rd8 {[%clk 01:11:43]} {[%emt 00:05:07]} 16. Be3 {[%clk 01:08:30]}
{[%emt 00:04:55]} O-O {[%clk 01:10:40]} {[%emt 00:01:32]} 17. Rac1 {[%clk
01:04:37]} {[%emt 00:04:23]} Nc4 {[%clk 00:50:43]} {[%emt 00:20:28]} 18. Nb1
{[%clk 00:54:57]} {[%emt 00:10:10]} b5 {[%clk 00:49:52]} {[%emt 00:01:21]} 19.
Nd2 {[%clk 00:52:43]} {[%emt 00:02:45]} Nxd2 {[%clk 00:47:19]} {[%emt
00:03:02]} 20. Rxc6 {[%clk 00:50:06]} {[%emt 00:03:07]} Nxb3 {[%clk 00:47:31]}
{[%emt 00:00:17]} 21. axb3 {[%clk 00:50:30]} {[%emt 00:00:07]} Bf6 {[%clk
00:47:21]} {[%emt 00:00:40]} 22. Rxa6 {[%clk 00:49:33]} {[%emt 00:01:28]} Bxd4
{[%clk 00:47:41]} {[%emt 00:00:09]} 23. Bxd4 {[%clk 00:49:56]} {[%emt
00:00:07]} Rxd4 {[%clk 00:48:04]} {[%emt 00:00:07]} 24. Rb6 {[%clk 00:46:06]}
{[%emt 00:04:21]} Rd5 {[%clk 00:44:36]} {[%emt 00:03:57]} 25. Rc1 {[%clk
00:42:00]} {[%emt 00:04:36]} Rfd8 {[%clk 00:42:30]} {[%emt 00:02:36]} 1/2-1/2